Statystyki dla 50 najludniejszych państw świata w 2100 roku

Kliknij tutaj aby rozwiązać quiz!

Ogólne statystyki

  • Ten quiz został rozwiązany 85 778 razy
    (76 957 od ostatniego zresetowania)
  • Średni wynik to 25 z 50

Statystyki odpowiedzi

LpPaństwoLudność% Poprawnych
2.Chiny1 064 993 457
98%
19.Rosja126 142 651
96%
4.Stany Zjednoczone433 853 891
96%
1.Indie1 447 025 612
91%
38.Niemcy74 740 596
90%
41.Francja65 497 773
88%
12.Brazylia180 682 762
85%
36.Japonia74 959 378
82%
44.Kanada56 953 224
80%
17.Meksyk141 509 942
76%
45.Argentyna56 802 493
74%
34.Wielka Brytania78 053 263
73%
10.Egipt224 735 180
71%
32.Południowa Afryka79 190 832
69%
13.Niger164 947 337
66%
28.Turcja86 170 462
63%
3.Nigeria732 941 596
62%
7.Indonezja320 782 426
60%
24.Iran98 587 985
58%
6.Dem. Rep. Konga362 031 082
56%
22.Irak107 711 273
54%
5.Pakistan403 102 827
54%
39.Algieria70 704 619
53%
16.Sudan142 342 356
47%
8.Etiopia294 392 903
46%
25.Wietnam97 437 286
45%
50.Tajlandia46 015 553
44%
14.Bangladesz151 393 018
43%
20.Kenia125 423 855
43%
37.Afganistan74 937 961
39%
43.Czad61 849 820
39%
15.Filipiny146 327 441
36%
35.Somalia75 716 429
36%
11.Angola188 283 132
33%
31.Mali80 382 697
33%
42.Senegal63 515 357
32%
9.Tanzania285 651 846
32%
23.Madagaskar99 957 340
29%
30.Zambia81 546 198
29%
21.Mozambik123 646 947
28%
27.Kamerun90 225 178
27%
33.Ghana79 011 409
26%
46.Mjanma55 298 929
26%
26.Wybrzeże Kości Słoniowej96 632 721
25%
47.Jemen53 171 320
24%
18.Uganda136 784 876
24%
29.Burkina Faso83 194 233
14%
49.Benin47 208 998
12%
40.Malawi66 559 386
11%
48.Burundi50 904 072
9%

Rozkład punktacji

Percentyl według liczby udzielonych odpowiedzi

Procent ludzi z każdym wynikiem

Twoja historia wyników

Nie rozwiązałeś tego quizu od ostatniego zresetowania